| 000 | 00889nam a2200241 a 4500 | ||
|---|---|---|---|
| 001 | 86349 | ||
| 003 | BD-RjUL | ||
| 005 | 20260412101419.0 | ||
| 008 | 260412s2025 bg a|||| m||| 00| 0 eng d | ||
| 035 | _a(BD-RjUL)86349 | ||
| 040 |
_aBD-RjUL _beng _cBD-RjUL _dBD-RjUL |
||
| 041 | _aeng | ||
| 082 |
_223 _a330.095492 _bRAE 2025 |
||
| 100 | _aRahman, Md. Arifur | ||
| 245 | 1 | 0 |
_aEconomic and Social Upfrading in Informal Sector of Bangladesh / _cMd. Arifur Rahman ; _6Supervisor : Jakir Hossain |
| 260 |
_aRajshahi : _bInstitute of Bangladesh Studies, University of Rajshahi, _c2025 |
||
| 300 |
_axv, 270 Leaves : _bill, ; _c30 cm. |
||
| 502 | _aThesis (Ph. D.) -- Institute of Bangladesh Studies, University of Rajshahi, 2025 | ||
| 504 | _aBibliography : Leaves 232-245 | ||
| 650 |
_aEconomic _vSocial _zBangladesh _918098 |
||
| 700 |
_aHossain, Jakir, Supervisor _94846 |
||
| 942 |
_2ddc _cTHE |
||
| 999 |
_c86349 _d86349 |
||